000 01075naa a22003137a 4500
001 BR8005938
003 BR-BrBNA
005 20240918174658.0
007 ta
008 230509b bl.||||| |||| 00| 0 por d
040 _aBR-BrBNA
_bpor
_cBiblioteca Nacional de Agricultura
041 _a(Pt)
072 _aT00
_b/G514
090 _aT00 BR8005938
100 1 _aPjeiffer, W.C.
111 1 _a1. Seminario sobre Poluicao por Metais Pesados
_cBrasilia, DF (Brazil)
_dNov 1979
245 1 _aTransito do cromo em ecossistemas aquaticos [poluicao, metal pesado, Brasil]
260 3 _aBrasilia, DF (Brasil):
_c1980.
500 _a1. Seminario sobre Poluicao por Metais Pesados Brasilia, DF (Brasil): 1980. p. 29-37 (BR8005938-AM)T00
650 _aPOLUICAO
650 _aMETAL PESADO
650 _aCONTAMINACAO
650 _aMEIO AMBIENTE
650 _aAGUA
650 _aECOSSISTEMA
773 0 _t1. Seminario sobre Poluicao por Metais Pesados
_wT00 BR8005938
_gBrasilia, DF (Brasil), 1980. p. 29-37
909 _a202404
_bLucia
_c55
_dLucia Elande
942 _cAM
_2AGRIS
999 _c312805
_d312805